000 00490nam a2200169Ia 4500
008 240729s9999 xx 000 0 und d
022 _a2148-4066
245 0 _aNalans
260 _aTürkiye
260 _bKaradeniz Technical University
650 _a Language. Linguistic theory. Comparative grammar
650 _a Philology. Linguistics
650 _aLanguage and Literature
856 _uhttps://doaj.org/toc/ecc8d27489684267bf48b8866ee82980
942 _2ddc
942 _cDOAJEJ
999 _c66363
_d66363
945 _a1
_bMadushi Gamage
_c1
_dMadushi Gamage